000 01361nam0a2200361 4500
001 RU\NLR\BIBL_A\016336839
005 20230628103600.0
010 _a978-5-04-105474-8
_93000
021 _aRU
_bКН-П-23-013447
_9КН-П-23-1328
035 _a(NLR Aleph) 016336839
035 _a(RuMoRGB)011627561
090 _a13078763
_c13078763
100 _a20230407d2023 d y0rusy50 ca
101 1 _arus
_ceng
102 _aRU
105 _aa z 000ay
181 0 _ai3
_baxxe
182 0 _an
200 1 _aНочная почта
_e[для среднего школьного возраста]
_fБенджамин Рид, Лора Триндер
_gперевод [с английского] Ксении Овериной
203 _aТекст
_bвизуальный
_cнепосредственный
210 _aМосква
_cЭксмо
_d2023
215 _a317, [1] с.
_cил.
_d22
225 1 _aПолночный час
_vкн. 1
333 _a12+
686 0 _aШ9(4Вл)62-4
700 1 _7ca
_8rus
_aРид
_bБ.
_gБенджамин
_9257301
_3RU\NLR\AUTH\770257357
701 1 _7ca
_8rus
_aТриндер
_bЛ.
_gЛора
_9257302
_3RU\NLR\AUTH\770257358
942 _cBOOK
980 _aNB